000
00441nam a2200133Ia 4500
008
100328s9999 xx 000 0 und d
082
_b
43668
100
_a
करंदीकर जनार्दन गंगाधर
245
_a
आद्य शंकराचार्य
260
_b
सरोज
630
_a
आद्य शंकराचार्य
730
_a
आद्य शंकराचार्य
942
_c
BOOK
999
_c
531995
_d
531992